[Event "Gibtelecom Masters 8th"]
[Site "Gibraltar"]
[Date "2010.02.04"]
[Round "10.22"]
[White "Degtiarev, Evgeny"]
[Black "Kosteniuk, Alexandra"]
[Result "0-1"]
[WhiteElo "2374"]
[BlackElo "2523"]
[PlyCount "142"]
[EventDate "2010.01.26"]
[EventType "swiss"]
[EventRounds "10"]
[EventCountry "GGB"]
[SourceDate "2005.02.07"]

1. d4 Nf6 2. c4 e6 3. Nf3 b6 4. Nc3 Bb7 5. a3 d5 6. cxd5 Nxd5 7. Qc2 Nxc3 8bxc3 Be7 9. e4 O-O 10. Bd3 c5 11. O-O Qc7 12. Qe2 Nd7 13. Rd1 Rfe8 14. h4 h6
15. Bb5 Bc6 16. Bxc6 Qxc6 17. Bf4 Nf6 18. Re1 Rac8 19. Ne5 Qa4 20. Qe3 cxd4 21cxd4 Bf8 22. g4 Qa5 23. Bxh6 Red8 24. Qf4 Rxd4 25. Bxg7 Bxg7 26. g5 Qd2 27. Re3
Rc1+ 28. Rxc1 Qxc1+ 29. Kg2 Rd1 30. gxf6 Rg1+ 31. Kf3 Qd1+ 32. Re2 Re1 33. Qd2
Qxd2 34. Rxd2 Bxf6 35. Ng4 Bxh4 36. Rd7 a5 37. Nh6+ Kg7 38. Nxf7 Ra1 39. Ne5+
Kf8 40. Rd3 Ra2 41. Kg4 Be7 42. Nc4 Bc5 43. f4 Rg2+ 44. Kh5 Kf7 45. Ne5+ Ke8
46. f5 exf5 47. exf5 Ke7 48. Rf3 Ra2 49. f6+ Ke6 50. Nc4 a4 51. f7 b5 52. Na5
Bf8 53. Nc6 Rxa3 54. Rf1 Rc3 55. Nd4+ Kd7 56. Rd1 Rc5+ 57. Kg4 Ke7 58. Kf3 Kxf7
59. Ke4 Bg7 60. Nf5 Be5 61. Ne3 Ke6 62. Rd8 Bb2 63. Ra8 a3 64. Ra6+ Kd7 65. Kd3
Kc7 66. Nc2 Kb7 67. Ra5 Kb6 68. Ra8 Rc3+ 69. Kd2 Rb3 70. Kd1 Rh3 71. Kd2 Kb7
0-1

[Event "Gibtelecom Masters 8th"]
[Site "Gibraltar"]
[Date "2010.02.04"]
[Round "10.23"]
[White "Dzagnidze, Nana"]
[Black "Benitah, Yohan"]
[Result "1-0"]
[WhiteElo "2506"]
[BlackElo "2390"]
[PlyCount "131"]
[EventDate "2010.01.26"]
[EventType "swiss"]
[EventRounds "10"]
[EventCountry "GGB"]
[SourceDate "2005.02.07"]

1. d4 d5 2. Nf3 Nf6 3. Bf4 c5 4. c3 Qb6 5. Qb3 Nc6 6. e3 c4 7. Qc2 Bf5 8. Qc1
h6 9. Be2 e6 10. Nbd2 Rc8 11. O-O Be7 12. b3 Qa5 13. bxc4 Ba3 14. Nb3 Bxc1 15Nxa5 Nxa5 16. Rfxc1 Nxc4 17. Ne5 O-O 18. Nxc4 dxc4 19. Bd6 Rfe8 20. f3 Bd3 21Bxd3 cxd3 22. e4 Rc4 23. Bf4 Nd7 24. Kf2 e5 25. Be3 Nb6 26. dxe5 Na4 27. Bd4
Rec8 28. Ke3 Nxc3 29. Rxc3 Rxc3 30. Bxc3 Rxc3 31. Rd1 Ra3 32. Rxd3 Rxa2 33Rd8+ Kh7 34. Rd7 Kg8 35. Rxb7 Rxg2 36. Rxa7 g5 37. h4 gxh4 38. Ra1 h3 39. Rh1
h2 40. f4 Kg7 41. Kf3 Ra2 42. Kg3 Re2 43. Rxh2 Rxe4 44. Kg4 Kg6 45. Ra2 h5+ 46Kg3 h4+ 47. Kg4 f5+ 48. Kf3 Rb4 49. Rg2+ Kf7 50. Rg5 Rb3+ 51. Kg2 Ke6 52. Rh5
Rg3+ 53. Kf2 Rg4 54. Ke3 Rg3+ 55. Kd4 Rg4 56. Rh6+ Ke7 57. Rh7+ Ke6 58. Rh6+
Ke7 59. Kd5 Rxf4 60. Rh7+ Kd8 61. e6 Ra4 62. Ke5 f4 63. Rxh4 Ra3 64. Kf6 Re3
65. Kf7 f3 66. Rf4 1-0

[Event "Gibtelecom Masters 8th"]
[Site "Gibraltar"]
[Date "2010.02.04"]
[Round "10.24"]
[White "Shankland, Samuel L"]
[Black "Solomon, Kenny"]
[Result "1-0"]
[WhiteElo "2491"]
[BlackElo "2368"]
[PlyCount "141"]
[EventDate "2010.01.26"]
[EventType "swiss"]
[EventRounds "10"]
[EventCountry "GGB"]
[SourceDate "2005.02.07"]

1. Nf3 Nf6 2. c4 c5 3. Nc3 e6 4. g3 b6 5. Bg2 Bb7 6. O-O a6 7. Re1 d6 8. e4 e5
9. d3 g6 10. Nh4 Bg7 11. f4 h6 12. fxe5 dxe5 13. Be3 O-O 14. Bh3 Nc6 15. Qd2
Kh7 16. Rf1 Nd4 17. Rf2 Ne8 18. Raf1 Nd6 19. Nd5 Bxd5 20. cxd5 a5 21. Re1 Ra7
22. Bxd4 cxd4 23. Rc1 h5 24. Rc6 Bh6 25. Qc2 Be3 26. Kg2 Bxf2 27. Kxf2 a4 28Kg2 a3 29. b4 f5 30. exf5 Nxf5 31. Bxf5 gxf5 32. d6 f4 33. Qe2 Qe8 34. Qe4+ Kg8
35. Ng6 f3+ 36. Kf2 Qf7 37. Rc2 Re8 38. Nxe5 Qe6 39. d7 Rxd7 40. Nxd7 Qxd7 41Qg6+ Kf8 42. Qxh5 Kg7 43. b5 Re2+ 44. Rxe2 fxe2 45. Qe5+ Kg8 46. Ke1 Qf7 47Qxe2 Qd5 48. Kd1 Qxb5 49. Qe6+ Kh8 50. Qc8+ Kg7 51. Qc7+ Kh8 52. Qd8+ Kh7 53Qe7+ Kh8 54. Qf8+ Kh7 55. Qxa3 Qh5+ 56. Kc1 Qe2 57. Qa7+ Kh8 58. Qb8+ Kg7 59Qc7+ Kh8 60. Qd8+ Kh7 61. Qh4+ Kg8 62. Qxd4 Qxh2 63. Qc4+ Kg7 64. g4 Qe5 65Kc2 Qe2+ 66. Kb3 Qd1+ 67. Kb4 Qb1+ 68. Ka3 Kg6 69. d4 Qe4 70. Qg8+ Kh6 71. Qf8+
1-0

[Event "Gibtelecom Masters 8th"]
[Site "Gibraltar"]
[Date "2010.02.04"]
[Round "10.25"]
[White "Cmilyte, Viktorija"]
[Black "Lovik, Lasse Ostebo"]
[Result "1-0"]
[WhiteElo "2489"]
[BlackElo "2343"]
[PlyCount "77"]
[EventDate "2010.01.26"]
[EventType "swiss"]
[EventRounds "10"]
[EventCountry "GGB"]
[SourceDate "2005.02.07"]

1. d4 Nf6 2. c4 e6 3. Nc3 d5 4. Bg5 Be7 5. cxd5 exd5 6. e3 O-O 7. Bd3 c6 8. Qc2
Nbd7 9. Nf3 Re8 10. h3 g6 11. Bf4 Nf8 12. O-O-O Be6 13. g4 Rc8 14. Kb1 b5 15Ng5 Qa5 16. Nxe6 Nxe6 17. Be5 b4 18. Qa4 Qb6 19. Ne2 c5 20. f4 c4 21. Bc2 Qb7
22. f5 Nf8 23. g5 N6d7 24. f6 Bd8 25. Nf4 Ne6 26. h4 Nxf4 27. exf4 Re6 28. h5
Nf8 29. hxg6 fxg6 30. f5 Ra6 31. fxg6 hxg6 32. f7+ Kxf7 33. Rdf1+ Ke7 34. Bf6+
Kd6 35. Be5+ Ke7 36. Bf6+ Kd6 37. Qe8 Be7 38. Be5+ Ke6 39. Rf6# 1-0

[Event "Gibtelecom Masters 8th"]
[Site "Gibraltar"]
[Date "2010.02.04"]
[Round "10.26"]
[White "Zaremba, Andrie"]
[Black "Carlsson, Pontus"]
[Result "1/2-1/2"]
[WhiteElo "2360"]
[BlackElo "2476"]
[PlyCount "167"]
[EventDate "2010.01.26"]
[EventType "swiss"]
[EventRounds "10"]
[EventCountry "GGB"]
[SourceDate "2005.02.07"]

1. d4 e6 2. Nf3 Nf6 3. c4 b6 4. g3 Ba6 5. b3 Bb4+ 6. Bd2 Be7 7. Bg2 c6 8. Bc3
d5 9. Nbd2 Nbd7 10. O-O O-O 11. Re1 c5 12. e4 dxc4 13. Nxc4 Bb7 14. e5 Nd5 15Bd2 Rc8 16. Rc1 b5 17. Ba5 N7b6 18. Ncd2 Nb4 19. Ne4 c4 20. Nc5 Bxc5 21. dxc5
Nd3 22. cxb6 axb6 23. Bd2 Nxc1 24. Bxc1 Qxd1 25. Rxd1 Rfd8 26. Nd4 Bxg2 27Kxg2 f6 28. f4 fxe5 29. fxe5 cxb3 30. axb3 Rxc1 31. Rxc1 Rxd4 32. Rc6 Kf7 33Rc7+ Kf8 34. Rc6 Kf7 35. Rc7+ Kf8 36. Rc6 Ke7 37. Rxb6 Rd5 38. Rb7+ Kf8 39. Kf3
Rxe5 40. g4 h5 41. h4 hxg4+ 42. Kxg4 Kg8 43. Kf4 Rd5 44. Kg4 Kh7 45. Rb6 Rd4+
46. Kg5 Rd5+ 47. Kg4 Rd4+ 48. Kg5 Rb4 49. Rxe6 Rxb3 50. Rb6 Rb1 51. h5 b4 52Kg4 b3 53. Kg3 Rb2 54. Kh3 Kg8 55. Rb7 Kf8 56. Kg3 Kg8 57. Kh3 Rb1 58. Kg2 Kh7
59. Rb6 Kg8 60. Rb7 Kf8 61. Kh2 b2 62. Kg2 Kg8 63. Kh2 Kh7 64. Rb6 Kg8 65. Rb7
Kf8 66. Kg2 Ke8 67. h6 gxh6 68. Kh2 Kd8 69. Rb8+ Kc7 70. Rb3 Kd6 71. Rb8 Ke5
72. Re8+ Kf4 73. Rf8+ Kg4 74. Rg8+ Kh4 75. Rb8 h5 76. Rb4+ Kg5 77. Rb8 Kf4 78Rf8+ Ke5 79. Re8+ Kd6 80. Rb8 h4 81. Rb3 h3 82. Rb8 Kc5 83. Rc8+ Kb4 84. Rb8+
1/2-1/2

[Event "Gibtelecom Masters 8th"]
[Site "Gibraltar"]
[Date "2010.02.04"]
[Round "10.27"]
[White "Andre, Gordon"]
[Black "Harika, Dronavalli"]
[Result "0-1"]
[WhiteElo "2308"]
[BlackElo "2471"]
[PlyCount "64"]
[EventDate "2010.01.26"]
[EventType "swiss"]
[EventRounds "10"]
[EventCountry "GGB"]
[SourceDate "2005.02.07"]

1. d4 Nf6 2. c4 d6 3. Nc3 Nbd7 4. e4 e5 5. d5 Nc5 6. f3 a5 7. Be3 Be7 8. Nge2
O-O 9. Qd2 Ne8 10. O-O-O f5 11. exf5 Bxf5 12. Ng3 Bg6 13. Be2 a4 14. Nge4 Nxe4
15. Nxe4 c6 16. Nc3 Nf6 17. g4 cxd5 18. Nxd5 Nxd5 19. Qxd5+ Bf7 20. Qe4 d5 21Rxd5 Bxd5 22. cxd5 Bg5 23. Rd1 a3 24. Kb1 Bxe3 25. Qxe3 Qd6 26. Bd3 axb2 27Bf5 Ra3 28. Qe4 g6 29. Be6+ Kg7 30. Rd3 Rf4 31. Qe3 Rxd3 32. Qxd3 Qc5 0-1

[Event "Gibtelecom Masters 8th"]
[Site "Gibraltar"]
[Date "2010.02.04"]
[Round "10.28"]
[White "Siebrecht, Sebastian"]
[Black "Peek, Marcel"]
[Result "1-0"]
[WhiteElo "2468"]
[BlackElo "2342"]
[PlyCount "113"]
[EventDate "2010.01.26"]
[EventType "swiss"]
[EventRounds "10"]
[EventCountry "GGB"]
[SourceDate "2005.02.07"]

1. d4 f5 2. Nc3 Nf6 3. Bg5 d5 4. Bxf6 exf6 5. e3 Be6 6. Qf3 Qd7 7. a3 Nc6 8Bb5 a6 9. Bd3 Ne7 10. Nge2 Rd8 11. h3 h5 12. O-O-O Nc8 13. Kb1 Nb6 14. Nc1 Qc8
15. Nb3 Nc4 16. Bxc4 dxc4 17. Nc5 Bxc5 18. dxc5 O-O 19. Qxh5 b6 20. e4 fxe4 21Nxe4 Bf7 22. Qf3 Qe6 23. Qf4 Qc6 24. cxb6 cxb6 25. Nd6 c3 26. Nxf7 Kxf7 27bxc3 Rfe8 28. Rxd8 Rxd8 29. Re1 Qxc3 30. Qe4 Qxa3 31. Qe6+ Kf8 32. Qxb6 Qd6 33Qxd6+ Rxd6 34. Kc1 Kf7 35. c3 a5 36. Kc2 g5 37. c4 Rb6 38. Kc3 a4 39. Re2 Rb3+
40. Kd4 a3 41. Ra2 Ke6 42. c5 Rb2 43. Rxa3 Rxf2 44. g3 Rh2 45. g4 Rf2 46. Ra6+
Kd7 47. Kd5 Rd2+ 48. Ke4 Rf2 49. Rd6+ Kc7 50. Kd5 f5 51. Rg6 Rd2+ 52. Ke5 fxg4
53. hxg4 Rc2 54. Kd4 Rd2+ 55. Ke4 Rf2 56. Rxg5 Kc6 57. Rf5 1-0

[Event "Gibtelecom Masters 8th"]
[Site "Gibraltar"]
[Date "2010.02.04"]
[Round "10.29"]
[White "Bellon Lopez, Juan Manuel"]
[Black "Wantiez, Fabrice"]
[Result "1/2-1/2"]
[WhiteElo "2440"]
[BlackElo "2315"]
[PlyCount "106"]
[EventDate "2010.01.26"]
[EventType "swiss"]
[EventRounds "10"]
[EventCountry "GGB"]
[SourceDate "2005.02.07"]

1. d4 Nf6 2. Bg5 e6 3. e4 h6 4. Bxf6 Qxf6 5. Nc3 d6 6. Qd2 g5 7. O-O-O Bg7 8h4 Nc6 9. Nb5 Qe7 10. hxg5 hxg5 11. Rxh8+ Bxh8 12. d5 Nd8 13. Nf3 a6 14. Nbd4
g4 15. Ng1 Bxd4 16. Qxd4 e5 17. Qc3 f5 18. exf5 Bxf5 19. Ne2 Nf7 20. Ng3 Qg5+
21. Kb1 O-O-O 22. Nxf5 Qxf5 23. Qe3 Rf8 24. Bd3 Qf6 25. Qa7 Nd8 26. Be2 Qf5 27a3 c6 28. Rh1 cxd5 29. Qb6 Qd7 30. Rh6 g3 31. Rxd6 Qc7 32. Bg4+ Kb8 33. Qxc7+
Kxc7 34. Rd7+ Kc6 35. fxg3 Nf7 36. c4 dxc4 37. Re7 b5 38. Re6+ Kc5 39. Bh5 Nd6
40. Rxe5+ Kd4 41. Re2 c3 42. Bf3 Nc4 43. bxc3+ Kd3 44. Re6 Kxc3 45. g4 Nxa3+
46. Kc1 Nc4 47. Rxa6 b4 48. Rc6 Re8 49. Kd1 Rd8+ 50. Kc1 Re8 51. Kd1 Rd8+ 52Kc1 Re8 53. Kd1 Rd8+ 1/2-1/2

[Event "Gibtelecom Masters 8th"]
[Site "Gibraltar"]
[Date "2010.02.04"]
[Round "10.30"]
[White "Nikolaidis, Konstantinos"]
[Black "Hirneise, Tobias"]
[Result "0-1"]
[WhiteElo "2266"]
[BlackElo "2421"]
[PlyCount "38"]
[EventDate "2010.01.26"]
[EventType "swiss"]
[EventRounds "10"]
[EventCountry "GGB"]
[SourceDate "2005.02.07"]

1. d4 d5 2. c4 c6 3. Nf3 Nf6 4. e3 Bf5 5. Nc3 e6 6. Nh4 Bg6 7. Be2 Nbd7 8. O-Ne4 9. Nxg6 hxg6 10. cxd5 exd5 11. Nxe4 dxe4 12. d5 Bd6 13. h3 c5 14. Qa4 Qe7
15. Bb5 O-O-O 16. Qxa7 Rxh3 17. Re1 Rh5 18. Rd1 Qh4 19. Kf1 Qg4 0-1

[Event "Gibtelecom Masters 8th"]
[Site "Gibraltar"]
[Date "2010.02.04"]
[Round "10.31"]
[White "Cori Tello, Deysi"]
[Black "Getz, Nicolai"]
[Result "1-0"]
[WhiteElo "2412"]
[BlackElo "2280"]
[PlyCount "47"]
[EventDate "2010.01.26"]
[EventType "swiss"]
[EventRounds "10"]
[EventCountry "GGB"]
[SourceDate "2005.02.07"]

1. d4 d5 2. Nf3 Nf6 3. c4 c6 4. Qc2 g6 5. Bf4 dxc4 6. Qxc4 Nd5 7. Be5 f6 8. Bg3
Be6 9. e4 Qa5+ 10. Nbd2 b5 11. Qb3 Nb4 12. Qxe6 Nc2+ 13. Kd1 Nxa1 14. Bd3 Qa4+
15. Ke2 Nc2 16. Bxb8 Nb4 17. a3 Rxb8 18. axb4 Qxb4 19. e5 Bh6 20. Nb3 Rf8 21Rd1 fxe5 22. dxe5 Rf7 23. Nfd4 Kf8 24. g3 1-0

[Event "Gibtelecom Masters 8th"]
[Site "Gibraltar"]
[Date "2010.02.04"]
[Round "10.32"]
[White "Fokin, Sergey"]
[Black "Nezad, Husein Aziz"]
[Result "0-1"]
[WhiteElo "2109"]
[BlackElo "2408"]
[PlyCount "158"]
[EventDate "2010.01.26"]
[EventType "swiss"]
[EventRounds "10"]
[EventCountry "GGB"]
[SourceDate "2005.02.07"]

1. d4 d5 2. c4 e6 3. Nf3 Nf6 4. g3 Bb4+ 5. Bd2 Be7 6. Bg2 O-O 7. O-O c6 8. Qc2
b6 9. Bf4 Nbd7 10. Nbd2 Ba6 11. Ne5 Nxe5 12. Bxe5 Ng4 13. h3 Nxe5 14. dxe5 Rc8
15. Rfd1 Qc7 16. f4 Bb4 17. b3 Qe7 18. e4 Qc5+ 19. Kh2 b5 20. exd5 cxd5 21. Nf3
bxc4 22. Bf1 Qb6 23. Qe2 Rc7 24. a3 Bc5 25. b4 Be7 26. Nd4 Bc8 27. Qe3 Bd7 28Qc3 Ra8 29. Rab1 g6 30. Rd2 Bf8 31. h4 a5 32. b5 Qc5 33. a4 Qa3 34. Qxa3 Bxa3
35. Rc2 Bc5 36. Rd1 Bb6 37. Kg2 Kg7 38. Be2 Re8 39. h5 c3 40. hxg6 hxg6 41. Kf3
Rec8 42. Bf1 Rh8 43. Kg2 g5 44. fxg5 Rh5 45. Nf3 Rh8 46. Bd3 Bc8 47. g4 Bb7 48Kg3 Be3 49. Be2 Rd8 50. Rh1 d4 51. Bd3 Rh8 52. Rxh8 Kxh8 53. Re2 Kg7 54. Ne1
Bxg5 55. Nc2 Rc8 56. Rh2 Rc5 57. Re2 Kf8 58. Re1 Ke7 59. Re2 Rc8 60. Rh2 Rc5
61. Re2 Ba8 62. Re1 Rc8 63. Rb1 Bb7 64. Re1 Rf8 65. Rd1 Bd2 66. Rf1 Rh8 67. Rg1
f6 68. exf6+ Kxf6 69. Rf1+ Ke7 70. Bg6 Bd5 71. Nxd4 e5 72. Nc2 Bf4+ 73. Rxf4
exf4+ 74. Kxf4 Kd6 75. Ke3 Kc5 76. Bf5 Rh3+ 77. Kf4 Bb3 78. Na1 Bxa4 79. g5 Rh1
0-1

[Event "Gibtelecom Masters 8th"]
[Site "Gibraltar"]
[Date "2010.02.04"]
[Round "10.33"]
[White "Allor, Chukwuka"]
[Black "Karavade, Eesha"]
[Result "0-1"]
[WhiteElo "2100"]
[BlackElo "2405"]
[PlyCount "98"]
[EventDate "2010.01.26"]
[EventType "swiss"]
[EventRounds "10"]
[EventCountry "GGB"]
[SourceDate "2005.02.07"]

1. e4 c5 2. Nf3 d6 3. d4 cxd4 4. Nxd4 Nf6 5. Nc3 a6 6. Be3 e5 7. Nb3 Be6 8. Qd2
Be7 9. f3 O-O 10. O-O-O Nbd7 11. g4 b5 12. Kb1 b4 13. Nd5 Bxd5 14. exd5 Nb6 15Bxb6 Qxb6 16. h4 a5 17. Bd3 a4 18. Nc1 a3 19. Bc4 axb2 20. Kxb2 Rfc8 21. Bb3
Rc3 22. Rdf1 Qa7 23. Kb1 Nd7 24. Ne2 Rcc8 25. g5 Nc5 26. Rfg1 Na4 27. Qxb4 Qe3
28. Bxa4 Qxe2 29. Bb3 Qxf3 30. Rf1 Qe2 31. Qe1 Qa6 32. Rf2 Rcb8 33. Kc1 Qa3+
34. Kd1 Bd8 35. Qf1 Ra7 36. Qd3 Rb4 37. Qh3 Rd4+ 38. Rd2 Qc5 39. Rxd4 Qxd4+ 40Ke2 Rc7 41. c4 Qe4+ 42. Kd1 Rc5 43. Rf1 Ba5 44. Qf5 Qd4+ 45. Kc2 Rc7 46. Kb1 g6
47. Qf6 Qd3+ 48. Kc1 Bd2+ 49. Kb2 Bc3+ 0-1

[Event "Gibtelecom Masters 8th"]
[Site "Gibraltar"]
[Date "2010.02.04"]
[Round "10.34"]
[White "Kawuma, Steven Male"]
[Black "Maze, Sebastien"]
[Result "0-1"]
[WhiteElo "2187"]
[BlackElo "2554"]
[PlyCount "44"]
[EventDate "2010.01.26"]
[EventType "swiss"]
[EventRounds "10"]
[EventCountry "GGB"]
[SourceDate "2005.02.07"]

1. e4 c5 2. Nf3 Nc6 3. d4 cxd4 4. Nxd4 g6 5. Nc3 Bg7 6. Be3 Nf6 7. Bc4 Qa5 8f3 Qb4 9. Bb3 O-O 10. a3 Qa5 11. Qd2 d6 12. O-O-O Bd7 13. Kb1 Rfc8 14. Nxc6
bxc6 15. Nd5 Qxd2 16. Nxf6+ Bxf6 17. Rxd2 c5 18. c4 Rab8 19. Ka2 Rb7 20. Bd1
Rcb8 21. b3 Be6 22. a4 Bxc4 0-1

[Event "Gibtelecom Masters 8th"]
[Site "Gibraltar"]
[Date "2010.02.04"]
[Round "10.35"]
[White "Tate, Alan"]
[Black "Battaglini, Gabriel"]
[Result "0-1"]
[WhiteElo "2211"]
[BlackElo "2411"]
[PlyCount "71"]
[EventDate "2010.01.26"]
[EventType "swiss"]
[EventRounds "10"]
[EventCountry "GGB"]
[SourceDate "2005.02.07"]

1. e4 e6 2. d4 d5 3. Nd2 Nf6 4. e5 Nfd7 5. Bd3 c5 6. c3 Nc6 7. Ngf3 Be7 8. O-g5 9. dxc5 g4 10. Nd4 Ncxe5 11. Bb5 a6 12. Bxd7+ Bxd7 13. f4 gxf3 14. N2xf3 Ng6
15. b4 f6 16. Bh6 Qc7 17. Kh1 Rg8 18. Qd2 Ne5 19. Nxe5 fxe5 20. Nf3 O-O-O 21Rae1 Bf6 22. Ng5 Rg6 23. Nf7 Rdg8 24. Rg1 d4 25. Nd6+ Kb8 26. cxd4 exd4 27. Bf4
Bg5 28. Bxg5 Rxg5 29. Qxd4 Bc6 30. Ne4 Rg4 31. h3 Qf4 32. Qd6+ Qxd6 33. Nxd6
Bxg2+ 34. Rxg2 Rxg2 35. h4 R2g4 36. Re4 0-1

[Event "Gibtelecom Masters 8th"]
[Site "Gibraltar"]
[Date "2010.02.04"]
[Round "10.36"]
[White "Saravanan, Venkat"]
[Black "Tscharotschkin, Michael"]
[Result "1-0"]
[WhiteElo "2356"]
[BlackElo "2211"]
[PlyCount "79"]
[EventDate "2010.01.26"]
[EventType "swiss"]
[EventRounds "10"]
[EventCountry "GGB"]
[SourceDate "2005.02.07"]

1. Nf3 d5 2. d4 Nf6 3. c4 c6 4. e3 Bf5 5. Nc3 e6 6. Nh4 Bg6 7. Bd2 Nbd7 8. Rc1
Be7 9. Nxg6 hxg6 10. g3 g5 11. Qe2 Ne4 12. Nxe4 dxe4 13. Bg2 f5 14. b4 Nf6 15f3 exf3 16. Bxf3 g4 17. Bg2 Kf7 18. Bc3 Bd6 19. Kd2 Qe7 20. c5 Bc7 21. e4 a5
22. b5 cxb5 23. exf5 e5 24. Qxb5 exd4 25. Qc4+ Kf8 26. Bxd4 Rd8 27. Kc2 Qd7 28Rcd1 Qxf5+ 29. Kc1 Qg5+ 30. Kb1 Qf5+ 31. Qc2 Qxc2+ 32. Kxc2 Kf7 33. Bxb7 Rh5
34. Rd2 Nd5 35. Rf1+ Kg6 36. a3 Be5 37. Bg1 Ne3+ 38. Bxe3 Rxd2+ 39. Bxd2 Rxh2
40. Be4+ 1-0

[Event "Gibtelecom Masters 8th"]
[Site "Gibraltar"]
[Date "2010.02.04"]
[Round "10.37"]
[White "Henriksson, Johan"]
[Black "Camus de Solliers, Guillau"]
[Result "1/2-1/2"]
[WhiteElo "2204"]
[BlackElo "2356"]
[PlyCount "99"]
[EventDate "2010.01.26"]
[EventType "swiss"]
[EventRounds "10"]
[EventCountry "GGB"]
[SourceDate "2005.02.07"]

1. d4 e6 2. Nf3 Nf6 3. g3 b6 4. Bg2 Bb7 5. O-O Be7 6. c4 O-O 7. Nc3 Ne4 8. Qc2
Nxc3 9. Qxc3 f5 10. Nd2 Bxg2 11. Kxg2 Qc8 12. d5 Na6 13. e4 Qb7 14. f3 c6 15dxe6 dxe6 16. a3 c5 17. Re1 Bf6 18. Qc2 Rad8 19. Nb3 Qd7 20. e5 Be7 21. Be3 Qd3
22. Qxd3 Rxd3 23. Nc1 Rd7 24. Nb3 Rfd8 25. Kf2 Nb8 26. Ke2 g5 27. Rad1 Nc6 28Rxd7 Rxd7 29. f4 Kf7 30. Rd1 Rxd1 31. Kxd1 gxf4 32. gxf4 Kg6 33. Ke2 Bh4 34Nd2 Kh5 35. Nf3 Kg4 36. Bd2 Be7 37. Ng1 Nd4+ 38. Kf2 Nb3 39. h3+ Kh5 40. Nf3
Bh4+ 41. Kg2 Be7 42. Kf2 a6 43. Ke2 Bh4 44. Be3 Na5 45. Kd3 Be7 46. b4 Nb7 47Kc3 h6 48. Bf2 Bd8 49. Kb3 Be7 50. Kc3 1/2-1/2

[Event "Gibtelecom Masters 8th"]
[Site "Gibraltar"]
[Date "2010.02.04"]
[Round "10.38"]
[White "Weeramantry, Sunil"]
[Black "Dittmar, Peter"]
[Result "0-1"]
[WhiteElo "2201"]
[BlackElo "2341"]
[PlyCount "64"]
[EventDate "2010.01.26"]
[EventType "swiss"]
[EventRounds "10"]
[EventCountry "GGB"]
[SourceDate "2005.02.07"]

1. e4 c6 2. d4 d5 3. exd5 cxd5 4. Bd3 Nc6 5. c3 Qc7 6. Ne2 Bg4 7. f3 Bh5 8. Nf4
Nf6 9. g4 Bg6 10. g5 Nh5 11. Nxd5 Qd7 12. Be4 e6 13. Nf4 Bd6 14. Nxh5 Bxh5 15Be3 Qc7 16. Qe2 O-O 17. Nd2 Ne7 18. O-O Nd5 19. Bxd5 exd5 20. Rae1 Rae8 21. Qg2
Bg6 22. Bf2 Bd3 23. Rxe8 Rxe8 24. Re1 Rxe1+ 25. Bxe1 Qe7 26. Bg3 Qe3+ 27. Kh1
Be2 28. Bxd6 Qxd2 29. Qg4 Qe1+ 30. Kg2 Bf1+ 31. Kh1 Bh3+ 32. Qg1 Qe2 0-1

[Event "Gibtelecom Masters 8th"]
[Site "Gibraltar"]
[Date "2010.02.04"]
[Round "10.39"]
[White "Kvisla, Johannes Luangtep"]
[Black "Sedina, Elena"]
[Result "1/2-1/2"]
[WhiteElo "2161"]
[BlackElo "2335"]
[PlyCount "97"]
[EventDate "2010.01.26"]
[EventType "swiss"]
[EventRounds "10"]
[EventCountry "GGB"]
[SourceDate "2005.02.07"]

1. d4 d5 2. c4 c6 3. Nf3 Nf6 4. Nc3 dxc4 5. a4 a5 6. e4 Bg4 7. Bxc4 e6 8. Be3
Bb4 9. Bd3 Nbd7 10. O-O O-O 11. h3 Bh5 12. e5 Nd5 13. Nxd5 cxd5 14. g4 Bg6 15Ng5 Be7 16. Bxg6 hxg6 17. Nf3 Qb6 18. Qe2 Rfc8 19. Rfc1 Rc6 20. Ne1 Rac8 21Rxc6 Rxc6 22. Qb5 Qc7 23. Nd3 g5 24. Rc1 f6 25. exf6 Rxc1+ 26. Nxc1 gxf6 27Bd2 b6 28. Qd3 Nf8 29. b3 Bb4 30. Ne2 Bxd2 31. Qxd2 Ng6 32. Qe3 Kf7 33. Qd3 Kg7
34. Qe3 Qc6 35. f4 gxf4 36. Nxf4 Nxf4 37. Qxf4 Qc2 38. g5 fxg5 39. Qxg5+ Kf7
40. Qf4+ Ke7 41. Qg5+ Kd7 42. Qe3 Qg6+ 43. Kh2 Qc2+ 44. Kg1 Qb1+ 45. Kh2 Qg6
46. Kh1 Kc6 47. Qc1+ Kd7 48. Qe3 Qc2 49. Kg1 1/2-1/2

[Event "Gibtelecom Masters 8th"]
[Site "Gibraltar"]
[Date "2010.02.04"]
[Round "10.40"]
[White "Gandrud, Vegar Koi"]
[Black "Kantans, Toms"]
[Result "1/2-1/2"]
[WhiteElo "2158"]
[BlackElo "2303"]
[PlyCount "81"]
[EventDate "2010.01.26"]
[EventType "swiss"]
[EventRounds "10"]
[EventCountry "GGB"]
[SourceDate "2005.02.07"]

1. d4 Nf6 2. c4 c5 3. d5 b5 4. Nf3 g6 5. cxb5 a6 6. b6 Qxb6 7. Nc3 d6 8. Nd2
Bg7 9. Nc4 Qb4 10. e3 Nbd7 11. a3 Qb7 12. e4 O-O 13. Bd3 Nb6 14. O-O Nxc4 15Bxc4 Rb8 16. Rb1 Ng4 17. Bg5 f5 18. Be2 Nxf2 19. Rxf2 Bxc3 20. Bxe7 Qxe7 21bxc3 Rxb1 22. Qxb1 Qe5 23. exf5 Bxf5 24. Qb6 Rf6 25. Bxa6 Qxd5 26. Bf1 Kg7 27a4 Rf7 28. a5 Rb7 29. Qd8 Rd7 30. Qe8 Qb7 31. a6 Qc7 32. Ra2 Re7 33. Qb5 Qa7
34. Qc6 c4+ 35. Rf2 Bd3 36. Qxd6 Qe3 37. Qf6+ Kh6 38. Qh4+ Kg7 39. Qf6+ Kh6 40Qh4+ Kg7 41. Qf6+ 1/2-1/2

[Event "Gibtelecom Masters 8th"]
[Site "Gibraltar"]
[Date "2010.02.04"]
[Round "10.41"]
[White "Forsaa, Espen"]
[Black "Urbina Perez, Juan Antonio"]
[Result "1-0"]
[WhiteElo "2301"]
[BlackElo "2197"]
[PlyCount "49"]
[EventDate "2010.01.26"]
[EventType "swiss"]
[EventRounds "10"]
[EventCountry "GGB"]
[SourceDate "2005.02.07"]

1. e4 c5 2. Nf3 d6 3. d4 cxd4 4. Nxd4 Nf6 5. Nc3 a6 6. Be3 e5 7. Nb3 Be6 8. f3
Be7 9. Qd2 O-O 10. O-O-O Nbd7 11. g4 Nb6 12. Qf2 Nc4 13. Bxc4 Bxc4 14. Bb6 Qd7
15. Kb1 Rac8 16. h3 Bd8 17. Rhe1 Bxb6 18. Qxb6 Rfd8 19. Na5 Qc7 20. Nxc4 Qxc4
21. Rxd6 Rxd6 22. Qxd6 h6 23. Rd1 b5 24. Qxa6 Rb8 25. Qd6 1-0

[Event "Gibtelecom Masters 8th"]
[Site "Gibraltar"]
[Date "2010.02.04"]
[Round "10.42"]
[White "Molina, Antonio"]
[Black "Perez Pardo, Juan Carlos"]
[Result "0-1"]
[WhiteElo "2148"]
[BlackElo "2297"]
[PlyCount "42"]
[EventDate "2010.01.26"]
[EventType "swiss"]
[EventRounds "10"]
[EventCountry "GGB"]
[SourceDate "2005.02.07"]

1. d4 d5 2. c4 dxc4 3. e4 c5 4. d5 Nf6 5. Nc3 b5 6. e5 b4 7. exf6 bxc3 8. bxc3
Nd7 9. Qa4 exf6 10. Bxc4 Bd6 11. Bd3 O-O 12. Qh4 g6 13. f4 c4 14. Be2 Re8 15f5 Nc5 16. fxg6 hxg6 17. Kf1 Re4 18. Qh6 Nd3 19. h4 Qb6 20. Bxd3 Bg3 21. Be3
Rxe3 0-1

[Event "Gibtelecom Masters 8th"]
[Site "Gibraltar"]
[Date "2010.02.04"]
[Round "10.43"]
[White "Flermoen, Peter"]
[Black "Meskovs, Nikita"]
[Result "0-1"]
[WhiteElo "2108"]
[BlackElo "2264"]
[PlyCount "80"]
[EventDate "2010.01.26"]
[EventType "swiss"]
[EventRounds "10"]
[EventCountry "GGB"]
[SourceDate "2005.02.07"]

1. e4 c5 2. Nf3 e6 3. d4 cxd4 4. Nxd4 a6 5. Nc3 Qc7 6. Bd3 Nf6 7. O-O b5 8. a3
Bb7 9. Qe2 d6 10. f4 Nbd7 11. Be3 Be7 12. Bf2 g6 13. Nf3 Ng4 14. Bh4 Qc5+ 15Kh1 Bxh4 16. Nxh4 Ne3 17. Rfe1 Nc4 18. Bxc4 bxc4 19. Rad1 Rd8 20. f5 gxf5 21exf5 e5 22. Qg4 Nf6 23. Qe2 Rg8 24. Nf3 Rg4 25. Qe3 Qxe3 26. Rxe3 Ne4 27. Nxe4
Rxe4 28. Rc3 Rf4 29. Nd2 d5 30. b3 d4 31. Rxc4 Rf2 32. Rc7 Bd5 33. Rc5 Bxg2+
34. Kg1 Re2 35. Nc4 f6 36. Rd2 Rxd2 37. Nxd2 Bb7 38. Nc4 Ke7 39. Kf2 Rc8 40Ra5 e4 0-1